[Event "Schachfestival Basel 2014"]
[Site "Basel"]
[Date "2014.01.03"]
[Round "4.51"]
[White "Terraz, Christian"]
[Black "Chauveau, Philippe"]
[Result "1-0"]
[WhiteElo "2080"]
[BlackElo "1968"]
[PlyCount "73"]
[EventDate "2014.??.??"]
[EventRounds "7"]
[EventCountry "SUI"]
[SourceDate "2014.01.01"]

1. d4 Nf6 2. Nf3 d6 3. c4 g6 4. Nc3 Bg7 5. Bg5 O-O 6. e3 c5 7. Be2 h6 8. Bh4
cxd4 9. exd4 g5 10. Bg3 Nh5 11. Qd3 f5 12. Nd2 Nxg3 13. hxg3 Nc6 14. d5 Nd4 15.
Bd1 e5 16. dxe6 Bxe6 17. Nb3 Qf6 18. Nxd4 Qxd4 19. Qxd4 Bxd4 20. Rxh6 Bxc4 21.
Rg6+ Kh7 22. Rxg5 Rae8+ 23. Kd2 Bxf2 24. Rh5+ Kg6 25. Rh4 Bf7 26. Bc2 Rh8 27.
Bxf5+ Kxf5 28. Rf4+ Kg6 29. Rxf2 d5 30. Raf1 Re7 31. Nb5 d4 32. b3 Rd8 33. Rf4
d3 34. Nd4 Rxd4 35. Rxd4 Re2+ 36. Kxd3 Rxg2 37. Rd6+ 1-0

[Event "Schachfestival Basel 2014"]
[Site "Basel"]
[Date "2014.01.03"]
[Round "4.52"]
[White "Schroeter, Michael"]
[Black "Faraone, Ettore"]
[Result "1-0"]
[WhiteElo "1971"]
[BlackElo "2074"]
[PlyCount "75"]
[EventDate "2014.??.??"]
[EventRounds "7"]
[EventCountry "SUI"]
[SourceDate "2014.01.01"]

1. d4 d5 2. c4 dxc4 3. Nf3 Nf6 4. e3 e6 5. Bxc4 Bb4+ 6. Nc3 O-O 7. O-O a6 8.
Qe2 b5 9. Bd3 Bb7 10. a3 Be7 11. b4 c6 12. e4 a5 13. bxa5 Rxa5 14. Bg5 Nh5 15.
Bd2 b4 16. axb4 Bxb4 17. e5 g6 18. Bg5 Qc7 19. Rxa5 Qxa5 20. Ne4 Nd7 21. Qe3 c5
22. g4 cxd4 23. Qxd4 Bxe4 24. Bxe4 f5 25. Qxd7 fxe4 26. Qxe6+ Rf7 27. gxh5 exf3
28. hxg6 hxg6 29. Rc1 Bf8 30. Qxg6+ Rg7 31. Qe6+ Kh7 32. h4 Qb4 33. Qf5+ Kg8
34. Kh2 Qb2 35. Rc2 Qb1 36. Qe6+ Kh7 37. Rc8 Be7 38. Qh6# 1-0

[Event "Schachfestival Basel 2014"]
[Site "Basel"]
[Date "2014.01.03"]
[Round "4.53"]
[White "Schmitz, Andreas Arnold"]
[Black "Fuerst, Martin"]
[Result "1-0"]
[WhiteElo "2067"]
[BlackElo "1951"]
[PlyCount "55"]
[EventDate "2014.??.??"]
[EventRounds "7"]
[EventCountry "SUI"]
[SourceDate "2014.01.01"]

1. e4 e5 2. Nc3 Nf6 3. Bc4 Bc5 4. d3 d6 5. Na4 Bb6 6. Nxb6 axb6 7. f4 Nc6 8.
Nf3 Bg4 9. c3 exf4 10. Bxf4 Ne5 11. Bxe5 dxe5 12. Qb3 Qe7 13. O-O O-O 14. h3
Bd7 15. a4 Ra5 16. Qa3 Qe8 17. Bb3 b5 18. Qc5 Qd8 19. Qxe5 b6 20. Qd4 c5 21.
Qd6 bxa4 22. Bc2 Bb5 23. Qg3 Bxd3 24. Rfd1 c4 25. Nd4 Nxe4 26. Qe1 Bxc2 27.
Nxc2 Qh4 28. Qxh4 1-0

[Event "Schachfestival Basel 2014"]
[Site "Basel"]
[Date "2014.01.03"]
[Round "4.54"]
[White "Stockert, Laurids"]
[Black "Haenggi, Markus"]
[Result "1-0"]
[WhiteElo "1973"]
[BlackElo "2062"]
[PlyCount "113"]
[EventDate "2014.??.??"]
[EventRounds "7"]
[EventCountry "SUI"]
[SourceDate "2014.01.01"]

1. d4 d5 2. c4 c6 3. Nc3 dxc4 4. e3 Bf5 5. Bxc4 Nf6 6. Qb3 Qb6 7. Bxf7+ Kd8 8.
Nf3 Nbd7 9. O-O h6 10. Re1 Ne4 11. Nh4 Qxb3 12. Bxb3 Bh7 13. Nf3 g5 14. Nd2 Nd6
15. e4 e5 16. d5 c5 17. Nc4 a6 18. a4 b6 19. f3 Kc7 20. Be3 Be7 21. Nxd6 Bxd6
22. Bc4 Nf6 23. Bd3 Bg6 24. Nb1 Nxd5 25. exd5 Bxd3 26. Nc3 Rhd8 27. Bf2 b5 28.
Bg3 b4 29. Ne4 Re8 30. Rac1 Bxe4 31. Rxe4 a5 32. Rce1 Re7 33. b3 Rae8 34. Kf1
Kd7 35. Ke2 Bc7 36. Kd3 Kd6 37. Kc4 Bd8 38. h4 Bc7 39. hxg5 hxg5 40. Rh1 Kd7
41. Rh6 Rg7 42. Kxc5 Rc8 43. Rc6 Rgg8 44. Bxe5 Bd8 45. Rxc8 Be7+ 46. d6 Rxc8+
47. Kd5 Bd8 48. Rc4 Ra8 49. Rc6 Ra7 50. g3 Ra8 51. f4 gxf4 52. gxf4 Bh4 53.
Rc7+ Kd8 54. f5 Ra6 55. f6 Bg5 56. f7 Rxd6+ 57. Kxd6 1-0

[Event "Schachfestival Basel 2014"]
[Site "Basel"]
[Date "2014.01.03"]
[Round "4.55"]
[White "Cote, Frederic"]
[Black "Ramseyer, Thomas"]
[Result "1-0"]
[WhiteElo "1972"]
[BlackElo "2121"]
[PlyCount "37"]
[EventDate "2014.??.??"]
[EventRounds "7"]
[EventCountry "SUI"]
[SourceDate "2014.01.01"]

1. d4 c5 2. d5 Nf6 3. Nf3 b5 4. a4 Bb7 5. axb5 Bxd5 6. Nbd2 g6 7. e4 Nxe4 8.
Nc4 Bxc4 9. Bxc4 e6 10. Bd5 exd5 11. Qxd5 Nc6 12. bxc6 Nf6 13. cxd7+ Nxd7 14.
O-O Nb6 15. Re1+ Be7 16. Qe5 f6 17. Qxf6 Rf8 18. Qe6 Qd7 19. Bg5 1-0

[Event "Schachfestival Basel 2014"]
[Site "Basel"]
[Date "2014.01.03"]
[Round "4.56"]
[White "Hartmann, Wolfgang"]
[Black "Prill, Gerhard"]
[Result "1/2-1/2"]
[WhiteElo "1968"]
[BlackElo "2047"]
[PlyCount "57"]
[EventDate "2014.??.??"]
[EventRounds "7"]
[EventCountry "SUI"]
[SourceDate "2014.01.01"]

1. e4 e5 2. Nf3 Nc6 3. Bc4 Nf6 4. d4 exd4 5. e5 d5 6. Bb5 Ne4 7. Nxd4 Bc5 8.
Be3 Bd7 9. Bxc6 bxc6 10. Nd2 Nxd2 11. Qxd2 Qe7 12. O-O O-O 13. Qc3 Bb4 14. Nxc6
Bxc6 15. Qxc6 Qxe5 16. c3 Ba5 17. Rad1 Rad8 18. Rfe1 d4 19. Rxd4 Rxd4 20. cxd4
Qf5 21. Rd1 Bb6 22. b4 a5 23. bxa5 Qxa5 24. a4 Qb4 25. g3 h6 26. Qb5 Qa3 27.
Qc6 Qb3 28. Rc1 Rd8 29. Qc4 1/2-1/2